000 00516nam a2200181Ia 4500
003 GCL
008 140319s9999 xx 000 0 ara d
040 _aGCL /
_cGCL
082 0 4 _a810.9
_bط د
100 1 _aطه حسين
245 1 0 _aدعاء الكروان /
_cطه حسين
260 _a[S.N] :
_bدار المعارف ،
_c1993
300 _a160 ص
490 _aكنوز الانتاج الاعلامى
_v0
650 0 4 _aالادب العربى
650 0 4 _aالقصص العربية
942 _2ddc
_cBK
999 _c28696
_d28696